LIBRARY & INFORMATION CENTRE, KCAET, TAVANUR

ONLINE PUBLIC ACCESS CATALOGUE (OPAC)

The teaching of structural words and sentence patterns (Record no. 17506)

MARC details
000 -LEADER
fixed length control field 00332nam a22001217a 4500
003 - CONTROL NUMBER IDENTIFIER
control field OSt
008 - FIXED-LENGTH DATA ELEMENTS--GENERAL INFORMATION
fixed length control field 220305b ||||| |||| 00| 0 eng d
100 ## - MAIN ENTRY--AUTHOR NAME
Personal name Hornby,A.S
245 ## - TITLE STATEMENT
Title The teaching of structural words and sentence patterns
260 ## - PUBLICATION, DISTRIBUTION, ETC. (IMPRINT)
Place of publication Britain
Name of publisher the english language book society
Year of publication 1959
300 ## - PHYSICAL DESCRIPTION
Number of Pages 162
942 ## - ADDED ENTRY ELEMENTS (KOHA)
Koha item type Books

No items available.

free website counter